00776nam a2200181 a 450000100100000000500170001000800410002704000250006808200210009311101550011424500150026926000350028430000260031965000600034565000540040565000290045971001060048800002608020200930024302.0110301s1993 dr a 001 0 spa d aDO-SdBNPbspacBNPHU a615.10685bC749n2 aCongreso Nacional sobre medicamentos " Calidad total en la empresa farmacéutica"n(3º :d1993, ago. 25-27 :cSanto Domingo, República Dominicana)10aPonencias. aSanto Domingo :bARAPF,c1993. a2 v. :bil. ;c28 cm. 4aIndustria farmacéuticaxCongresos, conferencias, etc. 4aControl de calidadxCongresos, conferencias, etc. 4aCalidad de los productos2 aAsociación de Representantes, Agentes y Productores Farmacéuticos, ARAPF (República Dominicana)